Đánh giá hiệu quả kinh tế của mô hình nuôi tôm càng xanh ( macrobrachium rosenbergii) trên đất lúa ở An Giang và Cần Thơ Báo cáo khoa học đề tài cấp bộ
Đề tài đánh giá hiệu quả kinh tế các mô hình nuôi tôm càng xanh trên đất lúa ở An Giang, Cần Thơ và đề xuất một số giải pháp về kinh tế - kỹ thuạt của mô hình nuôi trên địa bàn nghiên cứu.
محفوظ في:
| المؤلف الرئيسي: | |
|---|---|
| التنسيق: | كتاب |
| اللغة: | Undetermined |
| منشور في: |
Cần Thơ
Trường Đại học Cần Thơ
2005
|
| الموضوعات: | |
| الوسوم: |
إضافة وسم
لا توجد وسوم, كن أول من يضع وسما على هذه التسجيلة!
|
| Thư viện lưu trữ: | Trung tâm Học liệu Trường Đại học Cần Thơ |
|---|
| LEADER | 01149nam a2200217Ia 4500 | ||
|---|---|---|---|
| 001 | CTU_161445 | ||
| 008 | 210402s9999 xx 000 0 und d | ||
| 082 | |a 338.16 | ||
| 082 | |b H305 | ||
| 100 | |a Huỳnh, Văn Hiền | ||
| 245 | 0 | |a Đánh giá hiệu quả kinh tế của mô hình nuôi tôm càng xanh ( macrobrachium rosenbergii) trên đất lúa ở An Giang và Cần Thơ | |
| 245 | 0 | |b Báo cáo khoa học đề tài cấp bộ | |
| 245 | 0 | |c Huỳnh Văn Hiền (Chủ nhiệm đề tài) | |
| 260 | |a Cần Thơ | ||
| 260 | |b Trường Đại học Cần Thơ | ||
| 260 | |c 2005 | ||
| 520 | |a Đề tài đánh giá hiệu quả kinh tế các mô hình nuôi tôm càng xanh trên đất lúa ở An Giang, Cần Thơ và đề xuất một số giải pháp về kinh tế - kỹ thuạt của mô hình nuôi trên địa bàn nghiên cứu. | ||
| 650 | |a Agriculture,Nông nghiệp | ||
| 650 | |x Economic aspects,Khía cạnh kinh tế | ||
| 904 | |i Trọng Hải | ||
| 980 | |a Trung tâm Học liệu Trường Đại học Cần Thơ | ||